000 00343nam a2200145Ia 4500
008 230917s9999||||xx |||||||||||||| ||und||
040 _e40326
_aMAIN
041 _aEnglish
082 _a809.2 S58W
100 _aStirling, Nora
245 0 _aWho wrote the classics?
260 _aNew York
_bJohn Day
_c1965
300 _a250 p.
942 _cBK
999 _c191538
_d191538